American Men's Tennis Players - Statistics

General Stats
  • This quiz has been taken 970 times
  • The average score is 10 of 15
Answer Stats
Hint Player % Correct
Unstoppable American who won 14 majors was world number 1 for 286 weeks Pete Sampras
95%
8-time major champion who had a famed rivalry with Sampras Andre Agassi
92%
Big-server who won the 2003 U.S. Open Andy Roddick
91%
King of the on-court temper tantrum John McEnroe
91%
6'9'' tennis giant* John Isner
85%
Chinese-American player who won the French Open at age 17 Michael Chang
84%
Holds the title for the most singles titles son by a man in the Open Era Jimmy Connors
80%
Identical-twin doubles duo* Bryan Brothers
76%
Only African American to win the Australian and U.S. Opens and Wimbledon Arthur Ashe
72%
Redhead who won consecutive Australian Opens and consecutive French Opens Jim Courier
70%
Star that shares his name with a common marine animal* Mardy Fish
48%
"Big Bill" of the 1920s Bill Tilden
33%
2- time major champion who has a famous type of Adidas shoe Stan Smith
31%
Former player turned coach and commentator who can regularly be seen wearing a Metallica hat Brad Gilbert
24%
Aspiring rapper who "ain't afraid of ya" Vincent Spadea
7%
No matching quizzes found
Score Distribution
Percent of People with Each Score
Percentile by Number Answered
Your Score History
You have not taken this quiz